| 000 | 00791na a2200277 4500 | ||
|---|---|---|---|
| 001 | 12665 | ||
| 003 | MIRAKIL | ||
| 005 | 20181213155312.0 | ||
| 008 | 160816b tu 000 0 | ||
| 020 | _a9756053992899 | ||
| 035 | _a12665 | ||
| 040 |
_aMilas _btur _cTR-AnCHP |
||
| 082 |
_a364.3 _bI74a 2013 |
||
| 090 | _a364.3 I74a 2013 | ||
| 100 | _aIşıktaç, Yasemin | ||
| 245 |
_aAdalet psikolojisi _cYasemin Işıktaç |
||
| 260 |
_aİstanbul _bİstanbul Bilgi Üniversitesi Yayınları _c2013 |
||
| 300 |
_axiv, 417 s. _btbl. _c23 sm. |
||
| 490 |
_aİstanbul Bilgi Üniversitesi yayınları _v428 |
||
| 490 |
_aHukuk _v17 |
||
| 504 | _aKaynakça ve dizin var. | ||
| 650 |
_aSuç _xPsikoloji |
||
| 650 | _aSuç psikolojisi | ||
| 650 | _aAdalet psikolojisi | ||
| 942 |
_2ddc _cBKS |
||
| 999 |
_c10240 _d10240 |
||